Historia del cine mexicano /

Gespeichert in:
Bibliographische Detailangaben
1. Verfasser: Viñas, Moisés (autor)
Weitere Verfasser: González Casanova, Manuel (coordinación)) (coordinación))
Format: Buch
Sprache:Spanisch
Veröffentlicht: México : UNAM, Coordinación de Difusión Cultural 1987, c1987
Tags: Tag hinzufügen
Keine Tags, Fügen Sie das erste Tag hinzu!

MARC

LEADER 00000nam^a2200000^a^4500
001 000590395
005 20250521000000.0
009 20260310132907.639
020 |a 968-36-0301-7 
037 |a Acervo ITESO - Biblioteca 
041 |a ESP 
091 |a FCR. 00688 
100 |a Viñas, Moisés  |e (autor) 
245 1 0 |a Historia del cine mexicano / 
264 4 |a México :  |b UNAM, Coordinación de Difusión Cultural  |c 1987, c1987 
300 |a 306 p. 
336 |a texto  |b txt  |2 rdacontenido 
337 |a sin mediación  |b n  |2 rdamedio 
338 |a volumen  |b nc  |2 rdasoporte 
649 |a XX 
700 |a González Casanova, Manuel  |e (coordinación)) 
910 |a Fondo Cristina Romo Gil 
920 |a Impresos - Libros 
930 |a Fondos Especiales 
905 |a 143 
901 |a 0900115629  |b IT2  |c ESP  |i D122173  |u 20250521 
902 |a https://opac.biblio.iteso.mx/vufind/Record/000590395